[Event "4NCL/Div1/GUI2 vs. BAR1"]
[Site "Wokefield Park ENG"]
[Date "2007.05.06"]
[Round "10.7"]
[White "Wallace, John P"]
[Black "Devereaux, Maxim"]
[Result "1-0"]
[WhiteElo "2404"]
[BlackElo "2366"]
[PlyCount "91"]
[EventDate "2007.05.06"]
[EventType "team"]
[EventRounds "11"]
[EventCountry "ENG"]
[WhiteTeam "Guildford-ADC 2"]
[BlackTeam "Barbican 4NCL 1"]

1. d4 Nf6 2. c4 e6 3. Nc3 Bb4 4. e3 b6 5. Bd3 Bb7 6. Nge2 Bxg2 7. Rg1 Bf3 8.
Qc2 g6 9. Bd2 Nc6 10. O-O-O Bd6 11. a3 Ng4 12. e4 Bxh2 13. Rxg4 Bxg4 14. f4 Qh4
15. Kb1 a6 16. Rh1 Bf3 17. Be1 Qh6 18. Rf1 Qh3 19. Rf2 Bxe2 20. Nxe2 Bg3 21.
Nxg3 Qxg3 22. d5 Nd4 23. Qc3 e5 24. Rf1 Qh2 25. fxe5 Qxe5 26. Bh4 f5 27. exf5
O-O 28. Re1 Qf4 29. Re4 Ne2 30. Qe1 Qc1+ 31. Qxc1 Nxc1 32. Kxc1 Rxf5 33. d6
cxd6 34. Rd4 Rh5 35. Be2 Re5 36. Kd2 Rae8 37. Bd3 R8e6 38. Bg3 Rg5 39. Bxd6 h5
40. Bc7 Rg2+ 41. Kc3 g5 42. Rxd7 h4 43. c5 b5 44. Bd6 Re1 45. c6 Rc1+ 46. Kb4
1-0

[Event "4NCL/Div1/GUI2 vs. BAR1"]
[Site "Wokefield Park ENG"]
[Date "2007.05.06"]
[Round "10.8"]
[White "Lauterbach, Ingrid"]
[Black "Lalic, Susan"]
[Result "1/2-1/2"]
[WhiteElo "2142"]
[BlackElo "2348"]
[PlyCount "64"]
[EventDate "2007.05.06"]
[EventType "team"]
[EventRounds "11"]
[EventCountry "ENG"]
[WhiteTeam "Barbican 4NCL 1"]
[BlackTeam "Guildford-ADC 2"]

1. e4 d5 2. exd5 Nf6 3. Nf3 Nxd5 4. d4 Bf5 5. c3 e6 6. Na3 Be7 7. Nc4 O-O 8.
Ne3 Nxe3 9. Bxe3 Nd7 10. Be2 c5 11. d5 exd5 12. Qxd5 Be6 13. Qd2 Nb6 14. Qc2
Nd5 15. Bd2 Qc7 16. Bd3 h6 17. O-O Nf4 18. Bh7+ Kh8 19. Be4 Bd6 20. Bxf4 Bxf4
21. g3 Bd6 22. Nh4 Rfe8 23. Rfe1 Rad8 24. Nf5 Bf8 25. Rad1 Rxd1 26. Rxd1 b5 27.
a4 a6 28. axb5 axb5 29. b3 Qe5 30. Ne3 c4 31. bxc4 bxc4 32. Bd5 Bxd5 1/2-1/2

[Event "4NCL/Div1/WGR vs. SLOS1"]
[Site "Wokefield Park ENG"]
[Date "2007.05.06"]
[Round "10.1"]
[White "Turner, Matthew J"]
[Black "Navara, David"]
[Result "0-1"]
[WhiteElo "2489"]
[BlackElo "2720"]
[PlyCount "61"]
[EventDate "2007.05.06"]
[EventType "team"]
[EventRounds "11"]
[EventCountry "ENG"]
[WhiteTeam "Wood Green"]
[BlackTeam "Slough Sharks 1"]

1. d4 Nf6 2. c4 g6 3. Nc3 Bg7 4. e4 O-O 5. Nf3 c6 6. Bg5 d5 7. cxd5 cxd5 8.
Bxf6 Bxf6 9. e5 Bg7 10. h4 Nc6 11. h5 Bg4 12. hxg6 hxg6 13. Rh4 Qd7 14. Be2 f6
15. Nxd5 Bxf3 16. Bxf3 fxe5 17. dxe5 Nxe5 18. Be4 e6 19. Nc3 Qf7 20. Qe2 Rac8
21. Rd1 Qf6 22. g3 Rc7 23. Bg2 g5 24. Rh5 g4 25. Be4 Bh8 26. Rd6 Rcf7 27. Nd5
Qg7 28. Nf4 Rc8 29. Nxe6 Qf6 30. Rg5+ Bg7 31. Qe3 0-1

[Event "4NCL/Div1/WGR vs. SLOS1"]
[Site "Wokefield Park ENG"]
[Date "2007.05.06"]
[Round "10.2"]
[White "Jones, Gawain C B"]
[Black "Baburin, Alexander"]
[Result "1/2-1/2"]
[WhiteElo "2524"]
[BlackElo "2545"]
[PlyCount "81"]
[EventDate "2007.05.06"]
[EventType "team"]
[EventRounds "11"]
[EventCountry "ENG"]
[WhiteTeam "Slough Sharks 1"]
[BlackTeam "Wood Green"]

1. e4 Nf6 2. e5 Nd5 3. d4 d6 4. Be2 dxe5 5. dxe5 Nc6 6. Nf3 Bg4 7. c3 e6 8. O-O
Nb6 9. Nbd2 Be7 10. Bb5 O-O 11. Bxc6 bxc6 12. Qe2 Qd5 13. b3 Bg5 14. c4 Qa5 15.
h3 Bxf3 16. Nxf3 Bxc1 17. Rfxc1 c5 18. Ng5 h6 19. Ne4 Rfd8 20. Rc3 Nc8 21. Qe3
Ne7 22. Qxc5 Qxc5 23. Nxc5 Rd2 24. Rd3 Rxd3 25. Nxd3 Rd8 26. Ne1 g5 27. Nf3 Nc6
28. Kf1 Kg7 29. Ke2 Kg6 30. g4 Nb4 31. Ne1 Nc6 32. Nf3 Nb4 33. Ne1 Nc6 34. Nd3
Nd4+ 35. Kd2 h5 36. Rf1 a5 37. f4 hxg4 38. hxg4 Rh8 39. Ke3 Nc2+ 40. Kd2 Nd4
41. Ke3 1/2-1/2

[Event "4NCL/Div1/WGR vs. SLOS1"]
[Site "Wokefield Park ENG"]
[Date "2007.05.06"]
[Round "10.3"]
[White "Sowray, Peter J"]
[Black "Hinks-Edwards, Thomas"]
[Result "1-0"]
[WhiteElo "2317"]
[BlackElo "2369"]
[PlyCount "55"]
[EventDate "2007.05.06"]
[EventType "team"]
[EventRounds "11"]
[EventCountry "ENG"]
[WhiteTeam "Wood Green"]
[BlackTeam "Slough Sharks 1"]

1. e4 c5 2. Nf3 d6 3. d4 Nf6 4. Nc3 cxd4 5. Nxd4 a6 6. Be3 e6 7. g4 h5 8. gxh5
Rxh5 9. Bc4 b5 10. Bb3 Bb7 11. a3 Nbd7 12. Qe2 Rc8 13. f3 Ne5 14. a4 bxa4 15.
Rxa4 Ned7 16. Bc4 Ra5 17. Rxa5 Qxa5 18. O-O Nc5 19. Rb1 Qc7 20. Ba2 g6 21. Rd1
Bg7 22. Ndb5 axb5 23. Nxb5 Qb8 24. Nxd6+ Ke7 25. Qb5 Ncd7 26. Qb4 Bf8 27. Nxc8+
Ke8 28. Nd6+ 1-0

[Event "4NCL/Div1/WGR vs. SLOS1"]
[Site "Wokefield Park ENG"]
[Date "2007.05.06"]
[Round "10.4"]
[White "Gourlay, Iain"]
[Black "Pein, Malcolm"]
[Result "1/2-1/2"]
[WhiteElo "2343"]
[BlackElo "2394"]
[PlyCount "31"]
[EventDate "2007.05.06"]
[EventType "team"]
[EventRounds "11"]
[EventCountry "ENG"]
[WhiteTeam "Slough Sharks 1"]
[BlackTeam "Wood Green"]

1. Nf3 Nf6 2. g3 b5 3. Bg2 Bb7 4. d3 e6 5. O-O c5 6. e4 d6 7. Nh4 Nc6 8. f4 Be7
9. c3 Qb6 10. Be3 Nd7 11. Nf3 b4 12. Nbd2 bxc3 13. bxc3 Qa6 14. Qc2 O-O 15.
Rfb1 Rab8 16. Rb2 1/2-1/2

[Event "4NCL/Div1/WGR vs. SLOS1"]
[Site "Wokefield Park ENG"]
[Date "2007.05.06"]
[Round "10.5"]
[White "Pokorna, Regina"]
[Black "Krensing, Jan"]
[Result "1/2-1/2"]
[WhiteElo "2343"]
[BlackElo "2323"]
[PlyCount "41"]
[EventDate "2007.05.06"]
[EventType "team"]
[EventRounds "11"]
[EventCountry "ENG"]
[WhiteTeam "Wood Green"]
[BlackTeam "Slough Sharks 1"]

1. e4 c5 2. Nf3 Nc6 3. d4 cxd4 4. Nxd4 g6 5. Nc3 Bg7 6. Be3 Nf6 7. Bc4 Qa5 8.
O-O O-O 9. Bb3 d6 10. h3 Bd7 11. Qd3 Nxd4 12. Bxd4 Bc6 13. Rfe1 Nd7 14. Bxg7
Kxg7 15. Nd5 Rfe8 16. c3 Rac8 17. Rad1 Kg8 18. Qd2 Nc5 19. Qg5 Nxb3 20. axb3
Bxd5 21. exd5 1/2-1/2

[Event "4NCL/Div1/WGR vs. SLOS1"]
[Site "Wokefield Park ENG"]
[Date "2007.05.06"]
[Round "10.6"]
[White "Roberson, Peter T"]
[Black "Tan, Desmond"]
[Result "1/2-1/2"]
[WhiteElo "2213"]
[BlackElo "2322"]
[PlyCount "30"]
[EventDate "2007.05.06"]
[EventType "team"]
[EventRounds "11"]
[EventCountry "ENG"]
[WhiteTeam "Slough Sharks 1"]
[BlackTeam "Wood Green"]

1. e4 c5 2. c3 d5 3. exd5 Qxd5 4. d4 Nf6 5. Nf3 Bg4 6. Be2 e6 7. h3 Bh5 8. c4
Qd6 9. Nc3 cxd4 10. Nb5 Qd8 11. Nbxd4 Bb4+ 12. Bd2 Bxd2+ 13. Qxd2 O-O 14. Rd1
Qb6 15. O-O Na6 1/2-1/2

[Event "4NCL/Div1/WGR vs. SLOS1"]
[Site "Wokefield Park ENG"]
[Date "2007.05.06"]
[Round "10.7"]
[White "Yastrebov, Alexander"]
[Black "Muter, Donny"]
[Result "1/2-1/2"]
[WhiteElo "2238"]
[BlackElo "2196"]
[PlyCount "157"]
[EventDate "2007.05.06"]
[EventType "team"]
[EventRounds "11"]
[EventCountry "ENG"]
[WhiteTeam "Wood Green"]
[BlackTeam "Slough Sharks 1"]

1. d4 d5 2. Nf3 Nf6 3. Bf4 e6 4. Nbd2 Bd6 5. Bg3 O-O 6. e3 c5 7. c3 Nc6 8. Bd3
Qe7 9. Ne5 Nd7 10. f4 Bxe5 11. fxe5 f6 12. Bh4 Qe8 13. exf6 Nxf6 14. dxc5 Ne5
15. Be2 Qe7 16. b4 b6 17. Nb3 Ng6 18. Qd4 e5 19. Bxf6 Qxf6 20. Qxd5+ Be6 21.
Qf3 Qh4+ 22. Qg3 Qe4 23. O-O-O Rad8 24. Rxd8 Rxd8 25. Qf3 Qh4 26. Rd1 Rf8 27.
Qg3 Qe7 28. Rd6 bxc5 29. bxc5 a5 30. h4 a4 31. Nd2 Bxa2 32. h5 Nh8 33. Kb2 Bf7
34. h6 Ng6 35. hxg7 Rc8 36. Ba6 Rxc5 37. Ne4 a3+ 38. Kxa3 Ra5+ 39. Kb2 Rxa6 40.
Rxa6 Qb7+ 41. Kc1 Qxa6 42. Ng5 Bb3 43. Kd2 Qd6+ 44. Ke1 Qd1+ 45. Kf2 Qd2+ 46.
Kg1 Qxc3 47. Ne4 Qc1+ 48. Kh2 Qc6 49. Nf2 Be6 50. Ng4 Bxg4 51. Qxg4 Kxg7 52.
Kg3 h5 53. Qxh5 Qe4 54. Qg5 Kf7 55. Kh3 Ke6 56. Kg3 Kd5 57. Qd8+ Kc4 58. Qc7+
Kd3 59. Qd6+ Kxe3 60. Qb6+ Kd2 61. Qa5+ Kc2 62. Qa2+ Kc3 63. Qa3+ Kd2 64. Qa5+
Ke2 65. Qa2+ Ke3 66. Qa7+ Qd4 67. Qa3+ Qd3 68. Qa7+ Ke2+ 69. Kh2 Qc4 70. Qb7
Qf4+ 71. Kg1 Qe3+ 72. Kh2 Nf4 73. Qb2+ Kf1 74. Qb1+ Qe1 75. Qh7 Qd1 76. Kg3
Qb3+ 77. Kg4 Kxg2 78. Qe4+ Kf2 79. Qxe5 1/2-1/2

[Event "4NCL/Div1/WGR vs. SLOS1"]
[Site "Wokefield Park ENG"]
[Date "2007.05.06"]
[Round "10.8"]
[White "Oliver, Shannon"]
[Black "Hegarty, Sarah"]
[Result "1/2-1/2"]
[WhiteElo "1925"]
[BlackElo "1957"]
[PlyCount "72"]
[EventDate "2007.05.06"]
[EventType "team"]
[EventRounds "11"]
[EventCountry "ENG"]
[WhiteTeam "Slough Sharks 1"]
[BlackTeam "Wood Green"]

1. e4 c5 2. Nf3 Nc6 3. d4 cxd4 4. Nxd4 g6 5. c4 Bg7 6. Be3 Nf6 7. Nc3 Ng4 8.
Qxg4 Nxd4 9. Qd1 e5 10. Bd3 d6 11. O-O O-O 12. Ne2 Nc6 13. Bc2 Be6 14. c5 dxc5
15. Bxc5 Qxd1 16. Rfxd1 Rfc8 17. Ba4 Na5 18. Be3 Nc4 19. Bc1 a6 20. Nc3 b5 21.
Bb3 Bf8 22. Nd5 Bxd5 23. Rxd5 Rc5 24. Rxc5 Bxc5 25. a4 Rd8 26. axb5 axb5 27.
Bg5 Rc8 28. Bxc4 bxc4 29. Ra4 Kg7 30. Kf1 Bd4 31. Rb4 h6 32. Bd2 Rc6 33. Bc3
Kf6 34. Ke2 Ke6 35. f3 Kd6 36. Kd2 Rc7 1/2-1/2

[Event "4NCL/Div1/BET vs. GUI1"]
[Site "Wokefield Park ENG"]
[Date "2007.05.06"]
[Round "10.1"]
[White "Hunt, Harriet"]
[Black "Rowson, Jonathan"]
[Result "1/2-1/2"]
[WhiteElo "2436"]
[BlackElo "2594"]
[PlyCount "124"]
[EventDate "2007.05.06"]
[EventType "team"]
[EventRounds "11"]
[EventCountry "ENG"]
[WhiteTeam "Betsson.com"]
[BlackTeam "Guildford-ADC 1"]

1. e4 e5 2. Nf3 Nc6 3. Bb5 a6 4. Ba4 Nf6 5. O-O Be7 6. Re1 b5 7. Bb3 d6 8. c3
O-O 9. h3 Na5 10. Bc2 c5 11. d4 Nd7 12. Nbd2 cxd4 13. cxd4 Nc6 14. d5 Nb4 15.
Bb1 a5 16. Nf1 Na6 17. Ng3 g6 18. Bh6 Re8 19. Bd3 Rb8 20. Rc1 Nac5 21. Bf1 Qb6
22. Nd2 Qd8 23. Nf3 Qb6 24. Nd2 Bd8 25. Qf3 Bf6 26. Qe3 Qd8 27. a3 a4 28. Ne2
Nb6 29. Nc3 Bd7 30. Na2 Bg7 31. Nb4 Bxh6 32. Qxh6 Qf6 33. Rc3 Rbc8 34. Qe3 Qf4
35. Nc6 Nxe4 36. Qxf4 exf4 37. Rxe4 Nxd5 38. Rxe8+ Bxe8 39. Na7 Rxc3 40. bxc3
Nxc3 41. Nf3 b4 42. axb4 a3 43. Nd4 Ba4 44. Bc4 d5 45. Bb3 Ne2+ 46. Nxe2 Bxb3
47. Nc1 Bc4 48. Nc6 Kf8 49. f3 Ke8 50. Kf2 a2 51. Nxa2 Bxa2 52. b5 Kd7 53. Ne5+
Kc7 54. Nxf7 d4 55. Ne5 Kb6 56. Ke2 Kxb5 57. Kd3 Kc5 58. Nd7+ Kd5 59. Nf6+ Kc5
60. Nd7+ Kd5 61. Nf6+ Ke5 62. Ng4+ Kd5 1/2-1/2

[Event "4NCL/Div1/BET vs. GUI1"]
[Site "Wokefield Park ENG"]
[Date "2007.05.06"]
[Round "10.2"]
[White "Kosten, Anthony C"]
[Black "Pert, Richard G"]
[Result "1/2-1/2"]
[WhiteElo "2517"]
[BlackElo "2455"]
[PlyCount "56"]
[EventDate "2007.05.06"]
[EventType "team"]
[EventRounds "11"]
[EventCountry "ENG"]
[WhiteTeam "Guildford-ADC 1"]
[BlackTeam "Betsson.com"]

1. c4 Nf6 2. Nc3 e5 3. Nf3 Nc6 4. g3 Nd4 5. Bg2 Nxf3+ 6. Bxf3 Bb4 7. Qb3 Bc5 8.
O-O O-O 9. Na4 Be7 10. Rd1 c6 11. Nc3 d6 12. d4 Qc7 13. Qc2 Bh3 14. b4 Ng4 15.
Bg2 Bxg2 16. Kxg2 Qb6 17. Rb1 exd4 18. Na4 d3 19. exd3 Qc7 20. h3 Nf6 21. Be3
d5 22. Bd4 Rfd8 23. Nc3 h6 24. Qe2 Nh7 25. cxd5 cxd5 26. Qg4 Bf6 27. Bxf6 Nxf6
28. Qd4 Qb6 1/2-1/2

[Event "4NCL/Div1/BET vs. GUI1"]
[Site "Wokefield Park ENG"]
[Date "2007.05.06"]
[Round "10.3"]
[White "Ledger, Andrew J"]
[Black "Conquest, Stuart C"]
[Result "1/2-1/2"]
[WhiteElo "2413"]
[BlackElo "2546"]
[PlyCount "45"]
[EventDate "2007.05.06"]
[EventType "team"]
[EventRounds "11"]
[EventCountry "ENG"]
[WhiteTeam "Betsson.com"]
[BlackTeam "Guildford-ADC 1"]

1. e4 g6 2. d4 d6 3. Nc3 Bg7 4. f4 Nc6 5. Be3 Nf6 6. Be2 O-O 7. e5 dxe5 8. fxe5
Nd5 9. Nxd5 Qxd5 10. Bf3 Qc4 11. c3 Bf5 12. Ne2 Rad8 13. Qb3 Na5 14. Qxc4 Nxc4
15. Bc1 c6 16. b3 Nb6 17. O-O f6 18. exf6 exf6 19. Ng3 Bc8 20. Re1 f5 21. Bg5
Bf6 22. Bxf6 Rxf6 23. Re5 1/2-1/2

[Event "4NCL/Div1/BET vs. GUI1"]
[Site "Wokefield Park ENG"]
[Date "2007.05.06"]
[Round "10.4"]
[White "Hebden, Mark L"]
[Black "Webb, Laurence E"]
[Result "1-0"]
[WhiteElo "2519"]
[BlackElo "2300"]
[PlyCount "69"]
[EventDate "2007.05.06"]
[EventType "team"]
[EventRounds "11"]
[EventCountry "ENG"]
[WhiteTeam "Guildford-ADC 1"]
[BlackTeam "Betsson.com"]

1. d4 Nf6 2. Nf3 c5 3. d5 d6 4. Nc3 e5 5. e4 Be7 6. Be2 Nbd7 7. Nd2 h5 8. a4 h4
9. Nc4 Nf8 10. f4 exf4 11. e5 dxe5 12. d6 Ng6 13. dxe7 Qxd1+ 14. Bxd1 Kxe7 15.
Bf3 Be6 16. Na5 Rab8 17. Bxb7 Rxb7 18. Nxb7 Rc8 19. b3 Nd5 20. Na2 h3 21. g3
Nb4 22. Nxb4 cxb4 23. c4 bxc3 24. Ba3+ Kf6 25. O-O Bxb3 26. Nc5 Bd5 27. Rac1
Bg2 28. Rxc3 Kf5 29. Rd1 f6 30. Rd7 a5 31. Rxg7 Rb8 32. g4+ Kg5 33. Ne6+ Kxg4
34. Rxg6+ Kf5 35. Nf8 1-0

[Event "4NCL/Div1/BET vs. GUI1"]
[Site "Wokefield Park ENG"]
[Date "2007.05.06"]
[Round "10.5"]
[White "Duncan, Christopher R"]
[Black "King, Daniel J"]
[Result "1/2-1/2"]
[WhiteElo "2303"]
[BlackElo "2528"]
[PlyCount "56"]
[EventDate "2007.05.06"]
[EventType "team"]
[EventRounds "11"]
[EventCountry "ENG"]
[WhiteTeam "Betsson.com"]
[BlackTeam "Guildford-ADC 1"]

1. e4 c5 2. Nf3 d6 3. Nc3 Nf6 4. e5 dxe5 5. Nxe5 Nbd7 6. Nc4 g6 7. Be2 Bg7 8.
Bf3 Nb6 9. Ne3 O-O 10. a4 a5 11. d3 Nfd7 12. O-O Ne5 13. Re1 Rb8 14. Qe2 Bd7
15. Bd2 Nxf3+ 16. Qxf3 Bc6 17. Qe2 Nd7 18. Nc4 Re8 19. Qf1 b6 20. Re2 Qc7 21.
Rae1 e6 22. Nb5 Bxb5 23. axb5 Nf6 24. Ne5 Nd5 25. g3 Nb4 26. Bc3 Nd5 27. Bd2
Nb4 28. Bc3 Nd5 1/2-1/2

[Event "4NCL/Div1/BET vs. GUI1"]
[Site "Wokefield Park ENG"]
[Date "2007.05.06"]
[Round "10.6"]
[White "Flear, Glenn C"]
[Black "Eames, Robert G"]
[Result "1-0"]
[WhiteElo "2476"]
[BlackElo "2297"]
[PlyCount "101"]
[EventDate "2007.05.06"]
[EventType "team"]
[EventRounds "11"]
[EventCountry "ENG"]
[WhiteTeam "Guildford-ADC 1"]
[BlackTeam "Betsson.com"]

1. d4 Nf6 2. c4 e6 3. Nf3 c5 4. d5 d6 5. Nc3 exd5 6. cxd5 g6 7. Bf4 a6 8. a4
Bg7 9. h3 Qe7 10. e3 O-O 11. Be2 Nbd7 12. O-O Nh5 13. Bh2 f5 14. Nd2 Nhf6 15.
Nc4 Ne8 16. Qd2 Ne5 17. Bxe5 Bxe5 18. Nxe5 Qxe5 19. f4 Qe7 20. Ra3 Nf6 21. a5
Re8 22. Na4 Ne4 23. Qe1 Bd7 24. Nb6 Rad8 25. Kh2 Bb5 26. Rb3 Bxe2 27. Qxe2 h5
28. Nc4 h4 29. Qf3 Rd7 30. Rb6 Qf6 31. Rd1 Rg7 32. Nd2 Nxd2 33. Rxd2 Re4 34.
Rd3 Ra4 35. Rdb3 c4 36. R3b4 Rxb4 37. Rxb4 c3 38. bxc3 Qxc3 39. Rb6 Rd7 40. e4
Qxa5 41. Rb3 Qe1 42. exf5 Qg3+ 43. Qxg3 hxg3+ 44. Rxg3 b5 45. fxg6 b4 46. f5
Kg7 47. h4 Rb7 48. h5 b3 49. h6+ Kxh6 50. f6 b2 51. g7 1-0

[Event "4NCL/Div1/BET vs. GUI1"]
[Site "Wokefield Park ENG"]
[Date "2007.05.06"]
[Round "10.7"]
[White "Ledger, David J"]
[Black "Gallagher, Joseph G"]
[Result "0-1"]
[WhiteElo "2287"]
[BlackElo "2509"]
[PlyCount "82"]
[EventDate "2007.05.06"]
[EventType "team"]
[EventRounds "11"]
[EventCountry "ENG"]
[WhiteTeam "Betsson.com"]
[BlackTeam "Guildford-ADC 1"]

1. e4 c5 2. Nc3 Nc6 3. Bb5 Nd4 4. Bc4 e6 5. Nge2 a6 6. a4 Nf6 7. O-O d5 8. exd5
exd5 9. Ba2 Be6 10. d3 Nxe2+ 11. Nxe2 Bd6 12. Nf4 O-O 13. h3 Qd7 14. a5 Bc7 15.
Bd2 Qd6 16. Qf3 Rad8 17. Rfe1 Bc8 18. g3 b5 19. axb6 Bxb6 20. Bc3 d4 21. Bd2
Rd7 22. Nh5 Nxh5 23. Qxh5 Bb7 24. Bc4 Bc7 25. Bb3 h6 26. Ba4 Re7 27. Bf4 Rxe1+
28. Rxe1 Qb6 29. Bxc7 Qxc7 30. Re5 Qa5 31. b3 Qd2 32. Qe2 Qc1+ 33. Qe1 Qxc2 34.
Re8 Rxe8 35. Qxe8+ Kh7 36. Bc6 Bxc6 37. Qxc6 Qd1+ 38. Kg2 Qxd3 39. Qxc5 Qe4+
40. Kg1 d3 41. Qa5 Qf3 0-1

[Event "4NCL/Div1/BET vs. GUI1"]
[Site "Wokefield Park ENG"]
[Date "2007.05.06"]
[Round "10.8"]
[White "Collas, Silvia"]
[Black "Ledger, Stephen C"]
[Result "1/2-1/2"]
[WhiteElo "2401"]
[BlackElo "2183"]
[PlyCount "45"]
[EventDate "2007.05.06"]
[EventType "team"]
[EventRounds "11"]
[EventCountry "ENG"]
[WhiteTeam "Guildford-ADC 1"]
[BlackTeam "Betsson.com"]

1. Nf3 d5 2. d4 Bf5 3. c4 e6 4. Nc3 c6 5. Qb3 Qb6 6. c5 Qxb3 7. axb3 Na6 8. Bf4
Nf6 9. e3 Nb4 10. Kd2 Ne4+ 11. Nxe4 dxe4 12. Ne5 f6 13. Nc4 e5 14. dxe5 Bxc5
15. Nd6+ Bxd6 16. exd6 Nd5 17. Bg3 a6 18. Bc4 Be6 19. b4 Kd7 20. Bxd5 Bxd5 21.
Kc3 Rad8 22. h4 Rhe8 23. Kd4 1/2-1/2

[Event "4NCL/Div1/NWE1 vs. SWD1"]
[Site "Wokefield Park ENG"]
[Date "2007.05.06"]
[Round "10.1"]
[White "Macak, Stefan"]
[Black "Cooper, John G"]
[Result "0-1"]
[WhiteElo "2371"]
[BlackElo "2335"]
[PlyCount "72"]
[EventDate "2007.05.06"]
[EventType "team"]
[EventRounds "11"]
[EventCountry "ENG"]
[WhiteTeam "N W Eagles 1"]
[BlackTeam "S W Dragons 1"]

1. e4 e6 2. d4 d5 3. Nd2 c5 4. exd5 exd5 5. Bb5+ Nc6 6. Ngf3 Bd6 7. dxc5 Bxc5
8. O-O Nge7 9. Nb3 Bd6 10. Bg5 O-O 11. Qd2 Qc7 12. h3 Bf5 13. Nbd4 Bg6 14. Rfe1
a6 15. Bd3 Rfe8 16. Rad1 Kf8 17. c3 Ng8 18. Rxe8+ Rxe8 19. Nxc6 bxc6 20. Bxg6
hxg6 21. c4 Ne7 22. Bxe7+ Bxe7 23. cxd5 Rd8 24. Qe2 cxd5 25. Qxa6 Bf6 26. Qe2
Qb6 27. Rd2 Qb4 28. a3 Qb3 29. Nd4 Qc4 30. Qd3 Qc1+ 31. Kh2 Re8 32. Ne2 Qe1 33.
Ng3 d4 34. b4 Be5 35. b5 Bxg3+ 36. Kxg3 Re3+ 0-1

[Event "4NCL/Div1/NWE1 vs. SWD1"]
[Site "Wokefield Park ENG"]
[Date "2007.05.06"]
[Round "10.2"]
[White "Rayner, Francis"]
[Black "Morrison, Graham"]
[Result "0-1"]
[WhiteElo "2247"]
[BlackElo "2328"]
[PlyCount "88"]
[EventDate "2007.05.06"]
[EventType "team"]
[EventRounds "11"]
[EventCountry "ENG"]
[WhiteTeam "S W Dragons 1"]
[BlackTeam "N W Eagles 1"]

1. c4 Nf6 2. Nf3 c5 3. Nc3 e6 4. g3 b6 5. Bg2 Bb7 6. O-O a6 7. Re1 d6 8. e4 Be7
9. d4 cxd4 10. Nxd4 Qc7 11. Be3 O-O 12. Rc1 Re8 13. f4 Nfd7 14. Bf2 Bf8 15. Qd2
Nc6 16. Nde2 Rac8 17. Red1 Nc5 18. g4 Red8 19. Qe3 Qb8 20. Rb1 Na5 21. b3 Ba8
22. Qg3 Nd7 23. Nd4 Nc6 24. a4 Nxd4 25. Bxd4 Bc6 26. g5 g6 27. f5 Ne5 28. fxe6
fxe6 29. Bh3 Re8 30. Ne2 Bxe4 31. Rb2 Bg7 32. Bg2 Bxg2 33. Qxg2 Rf8 34. Kh1 Rf5
35. Nc3 Nf7 36. Ne4 Bxd4 37. Rxd4 d5 38. Nf6+ Kg7 39. h4 h6 40. Rg4 hxg5 41.
hxg5 Rh8+ 42. Kg1 Qe5 43. Qe2 Qxe2 44. Rxe2 Nxg5 0-1

[Event "4NCL/Div1/NWE1 vs. SWD1"]
[Site "Wokefield Park ENG"]
[Date "2007.05.06"]
[Round "10.3"]
[White "Kennaugh, Charles W"]
[Black "Kett, Timothy"]
[Result "0-1"]
[WhiteElo "2288"]
[BlackElo "2243"]
[PlyCount "64"]
[EventDate "2007.05.06"]
[EventType "team"]
[EventRounds "11"]
[EventCountry "ENG"]
[WhiteTeam "N W Eagles 1"]
[BlackTeam "S W Dragons 1"]

1. e4 e5 2. f4 exf4 3. Nf3 g5 4. d4 Bg7 5. h4 h6 6. hxg5 hxg5 7. Rxh8 Bxh8 8.
g3 Nc6 9. gxf4 g4 10. Ng5 d5 11. f5 Nxd4 12. Qxg4 Nxc2+ 13. Kd1 Nh6 14. Qh5
Nxa1 15. Qxh6 dxe4+ 16. Nd2 Qd4 17. Qh5 Qg7 18. Nxf7 Qxf7 19. Qxh8+ Qf8 20.
Qe5+ Qe7 21. Qd5 Bd7 22. Qg8+ Qf8 23. Qg6+ Qf7 24. Bc4 Qxg6 25. fxg6 Bg4+ 26.
Ke1 e3 27. Ne4 Nc2+ 28. Kf1 Ke7 29. Nc3 Rf8+ 30. Kg2 Be6 31. Nd5+ Kd6 32. g7
Rg8 0-1

[Event "4NCL/Div1/NWE1 vs. SWD1"]
[Site "Wokefield Park ENG"]
[Date "2007.05.06"]
[Round "10.4"]
[White "James, David J"]
[Black "Hague, Ben"]
[Result "1/2-1/2"]
[WhiteElo "2217"]
[BlackElo "2303"]
[PlyCount "79"]
[EventDate "2007.05.06"]
[EventType "team"]
[EventRounds "11"]
[EventCountry "ENG"]
[WhiteTeam "S W Dragons 1"]
[BlackTeam "N W Eagles 1"]

1. Nf3 g6 2. d4 Bg7 3. g3 d6 4. Bg2 Nf6 5. c4 O-O 6. O-O Nbd7 7. Nc3 e5 8. e4
a6 9. h3 b5 10. cxb5 axb5 11. Re1 c6 12. dxe5 dxe5 13. Qc2 Qa5 14. b3 Re8 15.
Bb2 Bf8 16. a4 b4 17. Nd1 Qc7 18. Ne3 Nc5 19. Nc4 Nfd7 20. Bc1 Ne6 21. Be3 c5
22. Rac1 f6 23. Bd2 Nb6 24. Nxb6 Qxb6 25. Bf1 Kg7 26. Be3 Bb7 27. Bc4 Nd4 28.
Nxd4 exd4 29. Bf4 g5 30. Bd2 Bd6 31. Bd3 Qc7 32. e5 Rxe5 33. Rxe5 fxe5 34. Be4
Bxe4 35. Qxe4 Qd8 36. Qb7+ Kg6 37. Qe4+ Kg7 38. Qb7+ Kg6 39. Qe4+ Kg7 40. Qb7+
1/2-1/2

[Event "4NCL/Div1/NWE1 vs. SWD1"]
[Site "Wokefield Park ENG"]
[Date "2007.05.06"]
[Round "10.5"]
[White "Carleton, John J"]
[Black "Zeidler, Sven P"]
[Result "1-0"]
[WhiteElo "2316"]
[BlackElo "2213"]
[PlyCount "133"]
[EventDate "2007.05.06"]
[EventType "team"]
[EventRounds "11"]
[EventCountry "ENG"]
[WhiteTeam "N W Eagles 1"]
[BlackTeam "S W Dragons 1"]

1. d4 f5 2. Nf3 Nf6 3. g3 g6 4. c4 Bg7 5. Nc3 d6 6. b4 O-O 7. Bb2 h6 8. e3 c6
9. Qc2 Qe8 10. c5 Nbd7 11. cxd6 exd6 12. b5 c5 13. Be2 b6 14. O-O Bb7 15. Rad1
Rc8 16. d5 Rc7 17. Nh4 Bc8 18. Ng2 Ne5 19. Rfe1 g5 20. h3 Re7 21. f4 Ng6 22.
Rf1 Ne4 23. Nxe4 fxe4 24. Bxg7 Rxg7 25. g4 gxf4 26. exf4 h5 27. f5 Nh8 28. Qc3
hxg4 29. hxg4 Nf7 30. Rf4 Ng5 31. Rff1 Rh7 32. Nf4 Qd8 33. Nh5 Qe7 34. Qg3 Nf7
35. f6 Qe5 36. Qxe5 Nxe5 37. g5 Bg4 38. Bxg4 Nxg4 39. Ng3 Ne3 40. Nxe4 Nxd1 41.
Rxd1 Rh4 42. Re1 Rd8 43. Kg2 Kf7 44. Kg3 Rh5 45. Rf1 Rdh8 46. Nxd6+ Kg6 47. Ne4
Rh3+ 48. Kf4 R3h4+ 49. Ke3 Re8 50. Rf4 Rh3+ 51. Kf2 Rh2+ 52. Kg3 Reh8 53. Rf1
R8h3+ 54. Kf4 c4 55. Ke5 Rh1 56. Rf2 Rh8 57. f7 Rf8 58. Rf6+ Kg7 59. Nd6 c3 60.
Nf5+ Kh8 61. g6 Rg1 62. g7+ Rxg7 63. Nxg7 Kxg7 64. Rc6 Kxf7 65. Rxc3 Re8+ 66.
Kd4 Ke7 67. Re3+ 1-0

[Event "4NCL/Div1/NWE1 vs. SWD1"]
[Site "Wokefield Park ENG"]
[Date "2007.05.06"]
[Round "10.6"]
[White "Morris, Charles F"]
[Black "Lyell, Mark"]
[Result "0-1"]
[WhiteElo "2207"]
[BlackElo "2203"]
[PlyCount "112"]
[EventDate "2007.05.06"]
[EventType "team"]
[EventRounds "11"]
[EventCountry "ENG"]
[WhiteTeam "S W Dragons 1"]
[BlackTeam "N W Eagles 1"]

1. Nf3 Nc6 2. d4 d5 3. Bg5 Bg4 4. Nbd2 Qd7 5. h3 Bh5 6. e3 e6 7. g4 Bg6 8. Bb5
f6 9. Bf4 Bd6 10. Bxd6 Qxd6 11. c4 Nge7 12. c5 Qd7 13. Nh4 O-O 14. Nxg6 Nxg6
15. h4 e5 16. h5 Nge7 17. Nb3 e4 18. f4 exf3 19. Qxf3 Ne5 20. Qf1 Qxg4 21. Be2
Qg3+ 22. Kd2 Ng4 23. Rh3 Qf2 24. Qh1 Qf5 25. Rf1 Qe6 26. Rg3 f5 27. Rfg1 Rae8
28. Qg2 Rf7 29. Nc1 Qh6 30. Bxg4 fxg4 31. Nd3 Nf5 32. Ne5 Rxe5 33. dxe5 Nxg3
34. Qxg3 Qxh5 35. e6 Re7 36. Qf4 Rxe6 37. Qxc7 Qf7 38. Qxf7+ Kxf7 39. Rxg4 Re4
40. Rg5 d4 41. exd4 Rxd4+ 42. Kc3 Re4 43. b4 g6 44. b5 Ke6 45. Rg3 Kd7 46. Rd3+
Kc7 47. Rf3 Re7 48. Kd4 g5 49. Kd5 g4 50. Ra3 Rg7 51. Rxa7 Rg5+ 52. Kc4 Kb8 53.
Ra3 g3 54. Rf3 g2 55. Rf8+ Kc7 56. Rf7+ Kd8 0-1